000 00721cam a22002413a 4500
001 23788
003 PGUSA
005 20140828083516.0
008 071209s2007||||xxu|||||s|||||000 e eng d
040 _aPGUSA
_beng
042 _adc
050 4 _aPR
100 1 _aDe Quincey, Thomas,
_d1785-1859
245 1 4 _aThe Posthumous Works of Thomas De Quincey, Vol. 1
_h[electronic resource] /
_cThomas De Quincey
260 _bProject Gutenberg,
_c2007
506 _aPublic domain in the USA.
516 _aElectronic text
653 _aEnglish essays
700 1 _aJapp, Alexander H.
_q(Alexander Hay),
_d1839-1905
830 0 _aProject Gutenberg
_v23788
856 4 0 _uhttp://www.gutenberg.org/ebooks/23788
942 _cEB
999 _c253043
_d253043